000 00932nac a22002417a 4500
001 BR8304372
003 BR-BrBNA
005 20240105115818.0
008 230509b bl.|||m| |||| 00| 0 por d
040 _aBR-BrBNA
_bpor
_cBiblioteca Nacional de Agricultura
072 _aD10; E10
090 _aD10 BR8304372
110 1 _aSecretaria Nacional de Planejamento Agricola, Brasilia, DF (Brasil). Secretaria de Planejamento Operacional
_99221
245 1 _aPlano operativo 1983. Instrucoes para elaboracao [Secretaria de Planejamento Operacional, Brasil]
260 3 _aBrasilia, DF (Brasil):
_c1983.
300 _a124 p.
490 _aPlano Operativo - Secretaria Nacional de Planejamento Agricola. Secretaria de Planejamento Operacional (Brazil)
_v
_x
650 _aPLANEJAMENTO ECONOMICO
650 _aORCAMENTO
650 _aADMINISTRACAO PUBLICA
909 _a202312
_bLúcia Elande
_c55
_dLúcia Elande
942 _2AGRIS
_n0
_cMS
999 _c276516
_d276516